Phenomenology of untouchability (Record no. 84075)

000 -LEADER
fixed length control field 01040pab a2200169 454500
008 - FIXED-LENGTH DATA ELEMENTS--GENERAL INFORMATION
fixed length control field 180718b2009 xxu||||| |||| 00| 0 eng d
100 ## - MAIN ENTRY--PERSONAL NAME
Personal name Sarukkai, Sundar
245 ## - TITLE STATEMENT
Title Phenomenology of untouchability
260 ## - PUBLICATION, DISTRIBUTION, ETC.
Date of publication, distribution, etc. 2009
300 ## - PHYSICAL DESCRIPTION
Extent p.39-48.
362 ## - DATES OF PUBLICATION AND/OR SEQUENTIAL DESIGNATION
Dates of publication and/or sequential designation 12 Sep
520 ## - SUMMARY, ETC.
Summary, etc. This paper explores the philosophical foundations of untouchability through an analysis of the phenomenology of "touch". The sense of touch is unique in many ways; one such is the essential relation between touch and "untouch". Drawing on both Indian and western traditions, the paper begins by analysing the meaning of touch and then goes on to explore some meanings of "untouchable". It then concludes by pointing out the importance of untouchability within the Brahmin tradition and attempts to understand the process of supplementation which makes untouchability a positive virtue for the Brahmins and a negative fact for the Dalits. - Reproduced.
650 ## - SUBJECT ADDED ENTRY--TOPICAL TERM
Topical term or geographic name entry element Untouchables
773 ## - HOST ITEM ENTRY
Main entry heading Economic and Political Weekly
908 ## - PUT COMMAND PARAMETER (RLIN)
Put command parameter N
909 ## -
-- 84075
Holdings
Withdrawn status Lost status Damaged status Not for loan Permanent Location Current Location Date acquired Serial Enumeration / chronology Barcode Date last seen Price effective from Koha item type
        Indian Institute of Public Administration Indian Institute of Public Administration 2018-07-19 Volume no: 44, Issue no: 37 AR84535 2018-07-19 2018-07-19 Articles

Powered by Koha